000 01082nam a22002177a 4500
999 _c59838
_d59838
003 Ge_BSU
005 20230426165642.0
008 230426s2006ge xxu||||| |||| 00| 0 geo d
020 _a9994066110
041 _ageo
080 _a113/119
100 _aროინიშვილი, ნინო.
_917822
245 _aსამყაროს ევოლუცია :
_bდიდი აფეთქებიდან დიდ გახლეჩამდე? /
_c ნინო როინიშვილი, მანანა სვანიძე ; რედ.: ჯ. ლომინაძე, ი. მანჯავიძე.
264 _aთბილისი :
_b საქართველოს მაცნე,
_c2006.
300 _a88 გვ. :
_bილ. ;
_c22 სმ.
653 _aკოსმოლოგია.
700 _aსვანიძე, მანანა
_917823
700 _aლომინაძე, ჯ
_eრედაქტორი
_917824
700 _a მანჯავიძე, ი
_eრედაქტორი
_917825
942 _2udc
_cBK